| 000 | 00938pam a2200253 a 4500 | ||
|---|---|---|---|
| 999 |
_c24481 _d24481 |
||
| 001 | 4018196 | ||
| 003 | NUST | ||
| 005 | 20170605103124.0 | ||
| 008 | 970908s1998 enka b 001 0 eng | ||
| 010 | _a 97040530 | ||
| 020 | _a0632048743 | ||
| 040 |
_aDLC _cRCMS _dDLC |
||
| 050 | 0 | 0 |
_a621.406 WAL _b.W36 1998 |
| 082 | 0 | 0 |
_a621.406 WAL _221 |
| 100 | 1 |
_aPhilip P. Walsh _91967 |
|
| 245 | 1 | 0 |
_aGas turbine performance / _cPhilip P. Walsh, Paul Fletcher. |
| 260 |
_aOxford ; _aMalden, MA : _bBlackwell Science, _c1998. |
||
| 300 |
_axii, 628 p. : _bill. ; _c25 cm. |
||
| 504 | _aIncludes bibliographical references and index. | ||
| 538 | _iShelf # 11, Row # 4 Mechanical & Aerospace. | ||
| 650 | 0 |
_aGas-turbines _xPerformance. _91968 |
|
| 700 | 1 |
_aFletcher, Paul, _d1962- _91969 |
|
| 906 |
_a7 _bcbc _corignew _d1 _eocip _f19 _gy-gencatlg |
||
| 942 |
_2ddc _cBK _h621.406 WAL |
||